| 000 | 00599nam a2200157 a 4500 | ||
|---|---|---|---|
| 008 | 150810s2009 ||||||||||||||||| || u | ||
| 050 | _aUNO(05)C/2009/1&2 | ||
| 110 | _aUnited Nations Organisation (UNO) | ||
| 245 | 1 | 0 |
_aUN Chronicle : we must disarm _cby United Nations Organization (UNO) |
| 260 |
_aNew York _bUnited Nations _c2009 |
||
| 300 | _a78p.:ill. | ||
| 650 | _aHEALTH--DEVELOPMENT | ||
| 650 | 0 | _aHUMAN RIGHTS | |
| 650 | _aDISARMAMENT | ||
| 995 |
_FCBU-MAIN LIBRARY (Kitwe) _M1 _UAVAILABLE _WAug 10, 2015 _ZInternational Publications |
||
| 999 |
_c60579 _d60579 |
||